NBA Top 100 All-Time: Points - Statistics

General Stats
  • This quiz has been taken 8,039 times
    466 since last reset
  • The average score is 57 of 100
Answer Stats
# Player Points % Correct
1 LeBron James 43,440
100%
2 Kareem Abdul-Jabbar 38,387
98%
4 Kobe Bryant 33,643
98%
6 Michael Jordan 32,292
98%
5 Kevin Durant 32,597
97%
22 Stephen Curry 26,528
95%
12 Shaquille O'Neal 28,596
94%
11 James Harden 29,339
93%
3 Karl Malone 36,928
93%
10 Moses Malone 29,580
93%
31 Jerry West 25,192
90%
16 Russell Westbrook 27,176
89%
8 Wilt Chamberlain 31,419
89%
7 Dirk Nowitzki 31,560
87%
80 Kyrie Irving 18,433
85%
93 Magic Johnson 17,707
84%
23 Tim Duncan 26,496
84%
86 Nikola Jokić 18,009
82%
17 Hakeem Olajuwon 26,946
81%
9 Julius Erving 30,026
81%
45 Larry Bird 21,791
81%
47 Giannis Antetokounmpo 21,531
80%
13 Carmelo Anthony 28,289
79%
72 Scottie Pippen 18,940
77%
41 Chris Paul 23,058
76%
39 Dwayne Wade 23,165
76%
26 Kevin Garnett 26,071
76%
51 David Robinson 20,790
75%
35 Allen Iverson 24,368
73%
59 Clifford Robinson 19,591
73%
54 Joe Johnson 20,407
72%
19 Oscar Robertson 26,710
72%
24 Paul Pierce 26,397
72%
18 DeMar DeRozan 26,711
71%
68 Eddie Johnson 19,202
71%
62 Tony Parker 19,473
71%
99 Jason Kidd 17,529
69%
57 John Stockton 19,711
69%
66 Paul George 19,338
69%
34 Ray Allen 24,505
69%
27 Vince Carter 25,728
68%
65 Anthony Davis 19,385
67%
42 Damian Lillard 22,598
67%
75 Isiah Thomas 18,822
67%
36 Charles Barkley 23,757
66%
60 Walter Davis 19,521
66%
33 Patrick Ewing 24,815
64%
81 Tracy McGrady 18,381
63%
43 Clyde Drexler 22,195
62%
52 LaMarcus Aldridge 20,558
62%
61 Dwight Howard 19,485
61%
40 Elgin Baylor 23,149
61%
49 Pau Gasol 20,894
61%
T29 Reggie Miller 25,279
61%
50 Bob Pettit 20,880
59%
37 Robert Parish 23,334
59%
20 Dominique Wilkins 26,668
58%
25 John Havlicek 26,395
58%
91 Lenny Wilkens 17,772
58%
15 Elvin Hayes 27,313
57%
44 Gary Payton 21,813
55%
85 Devin Booker 18,120
53%
21 George Gervin 26,595
53%
28 Alex English 25,613
51%
T29 Rick Barry 25,279
49%
76 Bob McAdoo 18,787
47%
84 Brook Lopez 18,151
43%
74 Chet Walker 18,831
42%
58 Bernard King 19,655
39%
90 Chris Mullin 17,911
38%
38 Adrian Dantley 23,177
36%
79 Dolph Schayes 18,438
35%
46 Hal Greer 21,586
33%
32 Artis Gilmore 24,941
32%
100 Earl Monroe 17,454
31%
82 Glen Rice 18,336
30%
94 Shawn Marion 17,700
30%
83 Dave Bing 18,327
29%
67 Bob Lanier 19,248
28%
95 Nikola Vučević 17,684
28%
53 Mitch Richmond 20,497
27%
77 Zach Randolph 18,578
27%
14 Dan Issel 27,482
26%
73 Jason Terry 18,881
25%
69 Gail Goodrich 19,181
24%
64 Jamal Crawford 19,419
24%
56 Antawn Jamison 20,042
23%
55 Tom Chambers 20,049
23%
71 Dale Ellis 19,004
21%
78 Mark Aguirre 18,458
21%
48 Walt Bellamy 20,941
20%
87 World B. Free 17,955
19%
88 Calvin Murphy 17,949
16%
96 Rudy Gay 17,642
16%
63 Terry Cummings 19,460
16%
98 Otis Thorpe 17,600
15%
97 Rolando Blackman 17,623
15%
89 Lou Hudson 17,940
14%
70 Reggie Theus 19,015
11%
92 Bailey Howell 17,770
9%
No matching quizzes found
Score Distribution
Percent of People with Each Score
Percentile by Number Answered
Your Score History
You have not taken this quiz since the last reset